Ethics in Nanotechnology: Emerging Technologies Aspects /

Uloženo v:
Podrobná bibliografie
Hlavní autor: Van de Voorde, Marcel (autor)
Další autoři: Jeswani, Gunjan (autor) (autor)
Médium: Kniha
Jazyk:angličtina
Vydáno: Berlín, Alemania : De Gruyter Brill, 2021, c2021
On-line přístup:Ver documento en línea
Tagy: Přidat tag
Žádné tagy, Buďte první, kdo vytvoří štítek k tomuto záznamu!

MARC

LEADER 00000nam^a22000000a04500
001 000631099
005 20260415000000.0
009 20260415195739.093
020 |a 9783110701883 
037 |a Acervo ITESO - Biblioteca 
041 |a ING 
082 |a Libro en línea 
100 |a Van de Voorde, Marcel  |e (autor) 
245 1 0 |a Ethics in Nanotechnology:  |b Emerging Technologies Aspects / 
264 4 |a Berlín, Alemania :  |b De Gruyter Brill,  |c 2021, c2021 
264 2 |a Berlín, Alemania :  |b De Gruyter Brill [distribución],  |c 2026 
300 |a 1 libro electrónico en línea ( p.) 
300 |a 1 recurso en línea 
336 |a datos para computadora  |b cod  |2 rdacontenido 
337 |a computadora  |b c  |2 rdamedio 
338 |a recurso en línea  |b cr  |2 rdasoporte 
506 0 |a Licencias ilimitadas 
521 |a De Gruyter Brill 2026 EEnlace Departamento de Matemáticas y Física 
567 |a Catalogación rápida 
649 |a XX 
700 |a Jeswani, Gunjan  |e (autor) 
856 4 0 |u https://ezproxy.iteso.mx/login?qurl=https://doi.org/10.1515/9783110701883  |y Ver documento en línea 
910 |a Fondo General 
920 |a Electrónicos - Libros en Línea 
930 |a Plataforma Digital 
905 |a 205 
902 |a https://opac.biblio.iteso.mx/vufind/Record/000631099